Statistics for Countries Beginning with "L" and NOT Ending with "A"

Click here to take the quiz!

General Stats

  • This quiz has been taken 127 times
  • The average score is 4 of 5

Answer Stats

Country% Correct
Laos
88%
Liechtenstein
86%
Luxembourg
86%
Lebanon
70%
Lesotho
70%

Score Distribution

Percentile by Number Answered

Percent of People with Each Score

Your Score History

You have not taken this quiz